Mémoires de littérature tirés des registres de l'Académie des Inscriptions et Belles-Lettres depuis l'année MDCCLXXX jusques [et] compris l'année MDCCLXXXIV (Record no. 151335)

MARC details
000 -LEADER
campo de control de longitud fija 00902nam a2200217 i 4500
001 - NÚMERO DE CONTROL
campo de control 151335
003 - IDENTIFICADOR DE NÚMERO DE CONTROL
campo de control ES-MaACL
005 - FECHA Y HORA DE LA ÚLTIMA TRANSACCIÓN
campo de control 20250802062537.0
008 - DATOS DE LONGITUD FIJA--INFORMACIÓN GENERAL
campo de control de longitud fija 040722s1793 fr |||| | fre d
040 ## - FUENTE DE CATALOGACIÓN
Centro catalogador/agencia de origen CAM
Lengua de catalogación spa
Centro/agencia transcriptor CAM
110 2# - ENTRADA PRINCIPAL--NOMBRE DE ENTIDAD CORPORATIVA
Nombre de entidad corporativa o nombre de jurisdicción como elemento de entrada Académie des inscriptions et belles-lettres (Francia)
9 (RLIN) 1230
245 10 - MENCIÓN DEL TÍTULO
Título Mémoires de littérature tirés des registres de l'Académie des Inscriptions et Belles-Lettres depuis l'année MDCCLXXX jusques [et] compris l'année MDCCLXXXIV
Resto del título : tome quarane-sixiéme.
260 ## - PUBLICACIÓN, DISTRIBUCIÓN, ETC.
Lugar de publicación, distribución, etc. A Paris :
Nombre del editor, distribuidor, etc. de l'Imprimerie Nationale Exécutive du Louvre,
Fecha de publicación, distribución, etc. 1793.
300 ## - DESCRIPCIÓN FÍSICA
Extensión [6], 713, [2] en bl. p. ;
Dimensiones 25 cm.
597 ## - NOTA DE DESCRIPCIÓN FÍSICA
NOTA DE DESCRIPCIÓN FÍSICA Sign.: []1, *2, A-4T4, 4U6.
597 ## - NOTA DE DESCRIPCIÓN FÍSICA
NOTA DE DESCRIPCIÓN FÍSICA Port. con viñeta xil.
597 ## - NOTA DE DESCRIPCIÓN FÍSICA
NOTA DE DESCRIPCIÓN FÍSICA En pag.1 viñeta xil.
650 #7 - PUNTO DE ACCESO ADICIONAL DE MATERIA--TÉRMINO DE MATERIA
Término de materia o nombre geográfico como elemento de entrada Literatura
Fuente del encabezamiento o término embne
9 (RLIN) 141583
852 ## - LOCALIZACIÓN
Ubicación ES-MaACL
Número de control de estantería R-1298-1343
Nota libre -- Enc. piel
Encuadernación Olim: G-13300-45
Holdings
Estatus retirado Estado de pérdida Estado de daño No para préstamo Colección Biblioteca de origen Biblioteca actual Ubicación en estantería Fecha de adquisición Total de préstamos Signatura topográfica completa Código de barras Visto por última vez Precio de reemplazo Tipo de ítem Koha
        Libros del s. XVIII Biblioteca del Ateneo de Madrid Biblioteca del Ateneo de Madrid Depósito 17/01/2008   R-1298-1343 1157899 23/02/2023 23/02/2023 Libro impreso antiguo